| 000 | 00000nam##2200000za#4500 |
| 001 | 9.618622 |
| 003 | CaOODSP |
| 005 | 20210615102940 |
| 007 | ta |
| 008 | 150406|2007||||xxc||||| f|0| 0 eng|d |
| 022 | |a0706-6473 |
| 040 | |aCaOODSP|beng |
| 043 | |an-cn--- |
| 086 | 1 |aFs97-4/2813E |
| 110 | 1 |aCanada. |bDepartment of Fisheries and Oceans. |
| 245 | 10|aFinal results of the September 1979 Dover sole tagging experiment in Northern Hecate Strait, 1979-1999 / |cby J. Fargo and S.J. Westrheim. |
| 260 | |aNanaimo - British Columbia : |bFisheries and Oceans Canada |c2007. |
| 300 | |aiv, 30p. : |bgraphs, map, references, tables ; |c28 cm. |
| 490 | 1 |aCanadian manuscript report of fisheries and aquatic sciences|x0706-6473|vNo. 2813 |
| 500 | |a"Fisheries and Oceans Canada, Science Branch, Pacific Region, Pacific Biological Station, Nanaimo, British Columbia V9T 6N7". |
| 520 | 3 |aThis report is part of a series that contains scientific and technical information that contributes to existing knowledge but deals with national or regional problems. They are distributed to institutions and individuals in the relevant areas of Canada. The subject matter reflects the interests and policies of the Department of Fisheries and Oceans. |
| 546 | |a(Résumé en français.) |
| 563 | |aSoftcover |
| 590 | |a08-03|b2008-01-18 |
| 690 | 07|aControl|2gcpds |
| 690 | 07|aFish|2gcpds |
| 690 | 07|aWestern provinces|2gcpds |
| 720 | 1 |aFargo, J. J. |
| 720 | 1 |aWestrheim, S. J. |
| 776 | 0#|tFinal results of the September 1979 Dover sole tagging experiment in Northern Hecate Strait, 1979-1999 / |w(CaOODSP)9.580103 |
| 830 | #0|aCanadian manuscript report of fisheries and aquatic sciences,|x0706-6473|vNo. 2813|w(CaOODSP)9.514688 |